000 00655nam a2200229Ia 4500
003 OSt
005 20220925231709.0
006 a|||||r|||| 00| 0
007 ta
008 220923b |||||||| |||| 00| 0 eng d
037 _cGeneral Book
040 _aRTL
_cRTL
_beng
041 _2eng
_aeng
082 _aY:3(Q:4192).63.N5, J4
100 _aGluckman Max
_9131537
245 0 _aRituals of rebellion in South-East Africa
260 _aManchester
_bUniversity Press
_c1954
300 _a36p
_ccm.
490 _aFraser Lecture, 1952
942 _hY:3(Q:4192).63.N5, J4
_cGB
_2CC
999 _c589177
_d589177